| 000 | 01181nam a2200301 4500 | ||
|---|---|---|---|
| 003 | EG-GICUC | ||
| 005 | 20260504074702.0 | ||
| 008 | 260503b1960 fr|||||| |||| 00| 0 fre d | ||
| 040 |
_aEG-GiCUC _bfre _cEG-GiCUC _dEG-GiCUC _eRda |
||
| 043 | _af-ua--- | ||
| 082 | 0 | 4 |
_221 _a343.03 |
| 092 | 0 | 4 | _221 |
| 099 | _aLaw1 10 343.03 Ch.D 1960 | ||
| 100 | 1 | _aYoussef Chlala | |
| 245 | 1 | 0 |
_aDictionnaire pratique, français-arabe, droit, commerce, finances, suivi d'un vocabulaire arabe-français _cFarid Fahmy, Youssef Chlala |
| 264 |
_aAlexandrie: _bÉtablissement al-Maaref, _c[1960?]. |
||
| 300 |
_a1118, 163 page : _c 24 cm. |
||
| 336 |
_2rda contenu _a texte |
||
| 337 |
_2rda medias _aOrdinateur |
||
| 338 |
_2 transporteur rda _a Ressource en ligne |
||
| 500 | _aالمعجم العملي : للمصطلحات القانونية والتجارية والمالية، فرنسي-عربي، عربي-فرنسي / تأليف يوسف شلاله [و] فريد فهمي. | ||
| 650 | 1 | 4 |
_aSciences Criminelles _2qrmak |
| 651 | 1 | _2qrmak | |
| 700 | 1 | _aFarid Fahmy | |
| 856 | 4 | 0 | _uhttps://fll.law.cu.edu.eg/fulltext/bks/B10-033989.pdf |
| 905 | _a17 | ||
| 942 |
_2ddc _n0 _cBK _e21 |
||
| 999 |
_c75081 _d75081 |
||